ბათუმის შოთა რუსთაველის სახელმწიფო უნივერსიტეტის ბიბლიოთეკა

საქართველოს სახალხო არტისტი მერაბ ხინიკაძე : (ბიბ.ჩანაწერი № 55581)

000 -ლიდერი
ფიქსირებული სიგრძის საკონტროლო ველი 01430nam a2200289Ia 4500
001 - საკონტროლო ნომერი
საკონტროლო ველი 22663
003 - საკონტროლო ნომრის იდენტიფიკატორი
საკონტროლო ველი GE_BSU
005 - ბოლო ოპერაციის თარიღი და დრო
საკონტროლო ველი 20230410165708.0
008 - ფიქსირებული სიგრძის მონაცემთა ელემენტები - ზოგადი ინფორმაცია
ფიქსირებული სიგრძის საკონტროლო ველი 181216s2017||||ge |||||||||||||| ||geo||
020 ## - წიგნის საერთაშორისო სტანდარტული ნომერი
International Standard Book Number 9789941260858
040 ## - კატალოგიზაციის წყარო
Transcribing agency GE_BSU
041 ## - ენის კოდი
Language code of text/sound track or separate title geo
080 ## - უნივერსალური ათობითი კლასიფიკაციის ინდექსი
Universal Decimal Classification number 792.071(=353.1)+821.353.1-94 ბ-45
100 ## - მთავარი ჩანაწერი - პიროვნების სახელი
Personal name ბელთაძე, იზოლდა
9 (RLIN) 2863
245 ## - ცნობა სათაურის შესახებ
Title საქართველოს სახალხო არტისტი მერაბ ხინიკაძე :
Remainder of title [ცხოვრება და შემოქმედება] /
Statement of responsibility, etc იზოლდა ბელთაძე ; რედ. შოთა ზოიძე.
264 ## - წარმოების, გამოცემის, დისტრიბუციის და სხვა ცნობები
გამოცემის, წარმოების, დისტრიბუციის... ადგილი თბილისი :
გამოცემის, წარმოების, დისტრიბუციის... სახელწოდება უნივერსალი,
გამოცემის, წარმოების, დისტრიბუციის... თარიღი 2017.
300 ## - ფიზიკური აღწერა
Extent 338 გვ. :
Other physical details ფოტ. ;
Dimensions 21 სმ.
653 ## - INDEX TERM--UNCONTROLLED
Uncontrolled term ლიტერატურა
653 ## - INDEX TERM--UNCONTROLLED
Uncontrolled term საქართველოს სახალხო არტისტი მერაბ ხინიკაძე
653 ## - INDEX TERM--UNCONTROLLED
Uncontrolled term ცხოვრება და შემოქმედება
653 ## - INDEX TERM--UNCONTROLLED
Uncontrolled term ქართველი მსახიობები
653 ## - INDEX TERM--UNCONTROLLED
Uncontrolled term გამოჩენილ ქართველ ადამიანთა ბიოგრაფიები
653 ## - INDEX TERM--UNCONTROLLED
Uncontrolled term ხელოვნება
700 ## - ADDED ENTRY--PERSONAL NAME
Personal name ზოიძე, შოთა
Relator term რედაქტორი
9 (RLIN) 4207
942 ## - ADDED ENTRY ELEMENTS (KOHA)
Koha item type წიგნი
Source of classification or shelving scheme
ეგზემპლარები
ჩამოწერის სტატუსი დაკარგული ეგზემპლარის სტატუსი კლასიფიკაციის წყარო ან თაროზე გაწყობის სქემა დაზიანების სტატუსი არ გაიცემა მუდმივი მდებარეობა (დაცვის ადგილი) ამჟამინდელი ადგილსამყოფელი თაროზე განთავსების ადგილი შეძენის თარიღი ღირებულება, შესყიდვის ნორმალური ფასი სრული შენახვის შიფრი შტრიხკოდი ბოლო ოპერაციის თარიღი ეგზემპლარის მიმდევრობითი ნომერი (კეტერი?) ფასის ძალაში შესვლის თარიღი ეგზემპლარის სახეობა საჯარო შენიშვნა Uniform Resource Identifier
          ბათუმის შოთა რუსთაველის სახელმწიფო უნივერსიტეტის მთავარი ბიბლიოთეკა ბათუმის შოთა რუსთაველის სახელმწიფო უნივერსიტეტის მთავარი ბიბლიოთეკა წიგნსაცავი 2018-12-17 5.00 792.071(=353.1)+821.353.1-94 ბ-45 58078 2018-12-17 58078 2018-12-17 წიგნი 5.00 ₾.  
          ბათუმის შოთა რუსთაველის სახელმწიფო უნივერსიტეტის მთავარი ბიბლიოთეკა ბათუმის შოთა რუსთაველის სახელმწიფო უნივერსიტეტის მთავარი ბიბლიოთეკა წიგნსაცავი 2025-01-30 5.00 792.071(=353.1)+821.353.1-94 ბ-45 70486 2025-01-30 70486 2025-01-30 წიგნი 5 ლ. ნაჩუქარი